000 01270nam a2200289Ia 4500
999 _c4850
_d4850
003 OSt
005 20200612203009.0
008 191128s2015 ck gr 000 0dspa d
020 _a9788423420896
040 _aCO-JMCR
_cCO-JMCR
041 1 _aspa
_hnds
082 0 4 _a330.126 /
_bF241e
_223
100 1 _aFelber, Christian,
_eautor
_95568
245 1 3 _aLa economía del bien común :
_bun modelo económico que supera la dicotomía entre capitalismo y comunismo para maximizar el bienestar de nuestra sociedad /
_cChristian Felber ; traducido por Silvia Yusta
250 _aPrimera edición
260 _aBarcelona :
_bDeusto,
_c2015.
300 _a331 páginas ;
_c20 cm.
500 _aIncluye datos biográficos del autor en la solapa.
504 _aBibliografía: páginas 321-331.
505 _aAnálisis breve -- La economía del bien común-idea principal -- La banca democrática -- Propiedad -- Motivación y sentido -- Desarrollo de la democracia -- Ejemplos, afines y modelos -- Estrategias para su ejecución
534 _pDie gemeinwohl-ökonomie
546 _aTraducción del alemán
650 1 4 _aCrisis económica
_95569
650 2 4 _aEconomía
_xModelos económicos
_95570
700 1 _aYusta, Silvia,
_etraductora
_95571
942 _2ddc
_cBK